000 01172nam a22002777a 4500
005 20170124103058.0
010 _aB-076523
020 _c380.00
_a8187524138
035 _aB-076523
037 _bCen Lib/Ret
040 _aDPL
_bHN
082 _a
_bलॉरेंस
100 _aलॉरेंस, डी.एच.
_975744
245 _aबेटे और प्रेमी /
_cडी.एच. लॉरेंस; अनुवादक गोपाल शर्मा
246 _aBete aur premi /
_bby D.H. Lawrence; anuvadak Gopal Sharma
260 _aमेरठ
_bसंवाद प्रकाशन
_c2002
270 _bमेरठ
_aआई-499, शास्त्रीनगर
_e250004
300 _a477पृ.
_c21सेमी (सजिल्द)
490 _aविश्व ग्रन्थमाला, 9
650 _aसाहित्य--उपन्यास
_975745
650 _aअंग्रेजी उपन्यास
_975746
650 _aLiterature--Fiction
_975747
650 _aEnglish novel
_914422
700 _aशर्मा, गोपाल
_975748
942 _2ddc
_cHN
_h
_mलॉरेंस
999 _c117616
_d117616